[Event "Vienna op-A 15th"]
[Site "Vienna"]
[Date "2006.08.01"]
[Round "4"]
[White "Mueller, Roland"]
[Black "Gruber, Paul"]
[Result "1/2-1/2"]
[WhiteElo "2129"]
[BlackElo "2009"]
[PlyCount "48"]
[EventDate "2006.07.29"]
[EventType "swiss"]
[EventRounds "9"]
[EventCountry "AUT"]
[SourceTitle "CBM 113 Extra"]
[Source "ChessBase"]
[SourceDate "2006.09.14"]
[SourceVersion "1"]
[SourceVersionDate "2006.09.14"]
[SourceQuality "1"]

1. e4 e5 2. Nf3 Nc6 3. Bb5 a6 4. Ba4 Nf6 5. 0-0 b5 6. Bb3 Be7 7. Re1 d6 8. h3 0-0 9. a4 Na5 10. Ba2 c5 11. d3 Bd7 12. Na3 Qc7 13. Bd2 b4 14. Nc4 Nxc4 15. Bxc4 a5 16. Bg5 Qd8 17. Bxf6 Bxf6 18. Bd5 Ra7 19. Nd2 Bc8 20. Nc4 g6 21. c3 Bg7 22. cxb4 cxb4 23. Qb3 Kh8 24. Ne3 Qg5 1/2-1/2

[Event "Vienna op-A 15th"]
[Site "Vienna"]
[Date "2006.07.31"]
[Round "3"]
[White "Fasser, Walter"]
[Black "Mueller, Roland"]
[Result "1/2-1/2"]
[WhiteElo "2036"]
[BlackElo "2129"]
[PlyCount "61"]
[EventDate "2006.07.29"]
[EventType "swiss"]
[EventRounds "9"]
[EventCountry "AUT"]
[SourceTitle "CBM 113 Extra"]
[Source "ChessBase"]
[SourceDate "2006.09.14"]
[SourceVersion "1"]
[SourceVersionDate "2006.09.14"]
[SourceQuality "1"]

1. Nf3 c5 2. c4 Nc6 3. Nc3 Nf6 4. g3 d5 5. cxd5 Nxd5 6. Bg2 Nc7 7. d3 e5 8. 0-0 Bd7 9. Nd2 Be7 10. Nc4 f6 11. f4 b5 12. Ne3 Rc8 13. Ned5 0-0 14. fxe5 Nxe5 15. Bf4 Kh8 16. Bxe5 fxe5 17. Nxe7 Qxe7 18. Rxf8+ Rxf8 19. Qd2 Ne6 20. Rc1 Nd4 21. Ne4 Bg4 22. Rxc5 Bxe2 23. Rc1 h6 24. Re1 Bf3 25. Rf1 Bxg2 26. Qxg2 Rc8 27. Qf2 Qe6 28. Nc3 Qg4 29. Qe3 b4 30. Qe4 Qg5 31. Ne2 1/2-1/2

[Event "Vienna op-A 15th"]
[Site "Vienna"]
[Date "2006.07.30"]
[Round "2"]
[White "Mueller, Roland"]
[Black "Molnar, Attila"]
[Result "0-1"]
[WhiteElo "2129"]
[BlackElo "2041"]
[PlyCount "82"]
[EventDate "2006.07.29"]
[EventType "swiss"]
[EventRounds "9"]
[EventCountry "AUT"]
[SourceTitle "CBM 113 Extra"]
[Source "ChessBase"]
[SourceDate "2006.09.14"]
[SourceVersion "1"]
[SourceVersionDate "2006.09.14"]
[SourceQuality "1"]

1. e4 c5 2. Nf3 e6 3. d4 cxd4 4. Nxd4 a6 5. c4 Nf6 6. Nc3 Qc7 7. a3 d6 8. Be2 Nbd7 9. Be3 Be7 10. f3 Ne5 11. Rc1 0-0 12. 0-0 b6 13. b4 Bb7 14. Qd2 Rac8 15. Nb3 Nxc4 16. Bxc4 Qxc4 17. Nd5 Bxd5 18. Rxc4 Bxc4 19. Rb1 Nd7 20. f4 Rc7 21. Rc1 Rfc8 22. Nd4 b5 23. g4 Nf6 24. Qg2 d5 25. e5 Ne4 26. f5 a5 27. fxe6 fxe6 28. Nxe6 Rc6 29. Nd4 Ra6 30. Nxb5 axb4 31. axb4 Bxb4 32. Qb2 Bc5 33. Bxc5 Nxc5 34. Nd6 Rca8 35. Qf2 Rxd6 36. exd6 Nd3 37. Qe3 Nxc1 38. Qe6+ Kh8 39. d7 Ne2+ 40. Kf2 Rf8+ 41. Ke3 d4+ 0-1

[Event "Vienna-ch"]
[Site "Vienna"]
[Date "2004.10.24"]
[Round "1"]
[White "Kilgus, Georg"]
[Black "Mueller, Roland"]
[Result "1-0"]
[WhiteElo "2342"]
[BlackElo "2096"]
[PlyCount "109"]
[EventDate "2004.??.??"]
[EventType "swiss"]
[EventRounds "7"]
[EventCountry "AUT"]
[SourceTitle "EXT 2005"]
[Source "ChessBase"]
[SourceDate "2004.11.15"]
[SourceVersion "1"]
[SourceVersionDate "2004.11.15"]
[SourceQuality "1"]

1. Nf3 d5 2. d4 Nf6 3. c4 c6 4. e3 a6 5. Nc3 b5 6. b3 Bg4 7. Be2 Nbd7 8. 0-0 e6 9. h3 Bf5 10. Bd3 Bxd3 11. Qxd3 Bb4 12. Bb2 Bxc3 13. Bxc3 0-0 14. Rfc1 Qb8 15. Rc2 Rc8 16. Rac1 Qb7 17. cxd5 cxd5 18. Ba5 Rxc2 19. Qxc2 h6 20. Ne1 e5 21. dxe5 Nxe5 22. Qc7 Qxc7 23. Rxc7 Re8 24. f3 Re6 25. Bc3 Nfd7 26. Bd4 Nc6 27. Nc2 Nf6 28. Bxf6 gxf6 29. Rd7 d4 30. e4 f5 31. Nxd4 Nxd4 32. Rxd4 fxe4 33. Rxe4 Rc6 34. Kf2 Kg7 35. a4 Rc2+ 36. Kg3 Rb2 37. Re3 bxa4 38. bxa4 Rb4 39. Re4 Rb2 40. Re5 Kf6 41. Rh5 Kg7 42. Ra5 Rb6 43. Kf4 Kf6 44. g4 Rc6 45. Ke4 Ke6 46. Kd4 Rd6+ 47. Kc4 Rc6+ 48. Rc5 Rb6 49. Rh5 Rc6+ 50. Rc5 Rb6 51. f4 Kd6 52. a5 Rb8 53. Rh5 Rh8 54. Kd4 Ke7 55. Ke5 1-0

[Event "Donau op 12th"]
[Site "Aschach"]
[Date "2003.12.26"]
[Round "1"]
[White "Mueller, Roland"]
[Black "Zimmerman, Yuri"]
[Result "1/2-1/2"]
[WhiteElo "2113"]
[BlackElo "2362"]
[PlyCount "115"]
[EventDate "2003.12.26"]
[EventType "swiss"]
[EventRounds "7"]
[EventCountry "AUT"]
[SourceTitle "CBM 097 Extra"]
[Source "ChessBase"]
[SourceDate "2004.01.13"]
[SourceVersion "1"]
[SourceVersionDate "2004.01.13"]
[SourceQuality "1"]

1. e4 d6 2. d4 Nf6 3. Nc3 g6 4. f3 c6 5. Be3 Qb6 6. Qc1 Nbd7 7. Nh3 Bg7 8. Nf2 0-0 9. a4 a5 10. Ra3 Qc7 11. Be2 e5 12. d5 cxd5 13. exd5 Nc5 14. Nb5 Qb8 15. Bxc5 dxc5 16. c4 Ne8 17. 0-0 f5 18. g3 Bd7 19. Kg2 Bxb5 20. cxb5 b6 21. Bc4 Nd6 22. Re1 Qb7 23. b3 Kh8 24. Ra2 Rae8 25. Rae2 Re7 26. Nd3 Rfe8 27. Qg5 Nf7 28. Qh4 Qc7 29. Nf4 Qd6 30. Ne6 Nd8 31. g4 Nxe6 32. dxe6 Qd4 33. Qg5 fxg4 34. fxg4 Qf4 35. Qxf4 exf4 36. g5 Bd4 37. Re4 Be3 38. Rd1 f3+ 39. Kxf3 Bxg5 40. Rd6 Rb8 41. Rg4 Bf6 42. Ke4 Kg7 43. Kd5 Rbb7 44. Ke4 Rec7 45. Bd5 Be7 46. Rc6 Bf6 47. Rf4 h6 48. Rd6 Rb8 49. Bc6 Rf8 50. Bd7 Bd8 51. Rxf8 Kxf8 52. Rd3 c4 53. Rf3+ Ke7 54. bxc4 Rxc4+ 55. Kd5 Rc5+ 56. Kd4 Rf5 57. Rxf5 gxf5 58. Ke5 1/2-1/2

[Event "AUT-chT2O 0304"]
[Site "Austria"]
[Date "2003.10.26"]
[Round "2.4"]
[White "Hangweyrer, Manfred"]
[Black "Mueller, Roland"]
[Result "1-0"]
[WhiteElo "2303"]
[BlackElo "2113"]
[PlyCount "57"]
[EventDate "2003.10.25"]
[EventType "team-tourn"]
[EventRounds "11"]
[EventCountry "AUT"]
[SourceTitle "EXT 2005"]
[Source "ChessBase"]
[SourceDate "2004.11.15"]
[SourceVersion "1"]
[SourceVersionDate "2004.11.15"]
[SourceQuality "1"]
[WhiteTeam "Stockerau"]
[BlackTeam "Hietzing/Fischer SK"]
[WhiteTeamCountry "AUT"]
[BlackTeamCountry "AUT"]

1. Nf3 Nc6 2. e4 e5 3. Nc3 Nf6 4. g3 Bc5 5. Bg2 d6 6. d3 Be6 7. Na4 Qd7 8. Nxc5 dxc5 9. b3 Bh3 10. 0-0 0-0-0 11. Bb2 Rhe8 12. Bxh3 Qxh3 13. Ng5 Qd7 14. f4 Ng4 15. Nxf7 Ne3 16. Qe2 Nxf1 17. Nxd8 Nxg3 18. hxg3 Nd4 19. Qf2 Kxd8 20. fxe5 Rxe5 21. Rf1 Rg5 22. Kg2 h5 23. Bc1 Rg4 24. Qf8+ Qe8 25. Qxc5 Ne6 26. Qf5 g6 27. Qd5+ Kc8 28. Rf6 Nd8 29. Kh3 1-0

[Event "AUT-chT2O 0304"]
[Site "Austria"]
[Date "2003.10.25"]
[Round "1.5"]
[White "Waller, Helmut"]
[Black "Mueller, Roland"]
[Result "1-0"]
[WhiteElo "2115"]
[BlackElo "2113"]
[PlyCount "99"]
[EventDate "2003.10.25"]
[EventType "team-tourn"]
[EventRounds "11"]
[EventCountry "AUT"]
[SourceTitle "EXT 2005"]
[Source "ChessBase"]
[SourceDate "2004.11.15"]
[SourceVersion "1"]
[SourceVersionDate "2004.11.15"]
[SourceQuality "1"]
[WhiteTeam "Amstetten"]
[BlackTeam "Hietzing/Fischer SK"]
[WhiteTeamCountry "AUT"]
[BlackTeamCountry "AUT"]

1. d4 Nf6 2. Nf3 g6 3. Bg5 Bg7 4. Nbd2 d5 5. e3 0-0 6. Bd3 c5 7. c3 b6 8. Qe2 Bb7 9. 0-0 Nbd7 10. Rad1 Re8 11. Ba6 Qc8 12. Bxb7 Qxb7 13. Rfe1 e5 14. dxe5 Ne4 15. Bf4 Nxe5 16. Nxe5 Bxe5 17. Nxe4 dxe4 18. Bxe5 Rxe5 19. Rd6 Rd5 20. Rd1 Rxd6 21. Rxd6 Re8 22. Qd1 Qa6 23. a3 Qb5 24. Qd2 a5 25. h3 a4 26. g4 Re6 27. Rd8+ Re8 28. c4 Qc6 29. Rd6 Qb7 30. Qd1 b5 31. Rd7 Qc6 32. Rd6 Qb7 33. Qd5 Qxd5 34. Rxd5 bxc4 35. Rxc5 Rb8 36. Rxc4 Rxb2 37. Rxe4 Kg7 38. Rxa4 Kf6 39. Kg2 h5 40. gxh5 gxh5 41. Kg3 Ra2 42. f3 Re2 43. e4 Kg5 44. Ra5+ Kg6 45. a4 Ra2 46. Ra6+ Kg7 47. a5 Ra1 48. Ra8 Rg1+ 49. Kf4 Rh1 50. a6 1-0

[Event "Vienna op 14th"]
[Site "Vienna"]
[Date "2003.08.23"]
[Round "8"]
[White "Mueller, Roland"]
[Black "Krenek, Markus"]
[Result "0-1"]
[WhiteElo "2148"]
[BlackElo "2069"]
[PlyCount "72"]
[EventDate "2003.08.16"]
[EventType "swiss"]
[EventRounds "9"]
[EventCountry "AUT"]
[SourceTitle "CBM 095 Extra"]
[Source "ChessBase"]
[SourceDate "2003.09.04"]
[SourceVersion "1"]
[SourceVersionDate "2003.09.04"]
[SourceQuality "1"]

1. c4 Nf6 2. Nc3 g6 3. Nf3 Bg7 4. g3 0-0 5. Bg2 d6 6. 0-0 Nc6 7. a3 e5 8. d3 a5 9. Rb1 h6 10. Nd2 Ne7 11. b4 axb4 12. axb4 c6 13. b5 Be6 14. Nb3 Qd7 15. Re1 Nh5 16. c5 d5 17. d4 e4 18. f4 Bh3 19. b6 Bf6 20. e3 Bg4 21. Qc2 Bg7 22. Qf2 Bh3 23. Bb2 g5 24. Ne2 Ra2 25. Nc3 Raa8 26. Qf1 Bxg2 27. Qxg2 gxf4 28. gxf4 Kh7 29. Kf2 Bf6 30. Ke2 Rg8 31. Qh1 Qh3 32. Kd2 Rg2+ 33. Re2 Rag8 34. Rbe1 Nf5 35. Nd1 Bh4 36. Rxg2 Bxe1+ 0-1

[Event "AUT-chT 0203"]
[Site "Austria"]
[Date "2003.03.14"]
[Round "9.2"]
[White "Mueller, Roland"]
[Black "Gerhold, Michael"]
[Result "1/2-1/2"]
[WhiteElo "2188"]
[BlackElo "2205"]
[PlyCount "50"]
[EventDate "2002.12.05"]
[EventType "team-tourn"]
[EventRounds "11"]
[EventCountry "AUT"]
[SourceTitle "EXT 2004"]
[Source "ChessBase"]
[SourceDate "2003.11.25"]
[SourceVersion "1"]
[SourceVersionDate "2003.11.25"]
[SourceQuality "1"]
[WhiteTeam "Hietzing/Fischer SK"]
[BlackTeam "Absam"]
[WhiteTeamCountry "AUT"]
[BlackTeamCountry "AUT"]

1. e4 c5 2. Nf3 Nc6 3. Nc3 g6 4. Bc4 Bg7 5. 0-0 e6 6. Re1 d6 7. d3 Nge7 8. Bf4 a6 9. a4 0-0 10. Qd2 Nd4 11. Nxd4 cxd4 12. Ne2 Nc6 13. Bh6 Bd7 14. Bxg7 Kxg7 15. c3 dxc3 16. Qxc3+ Qf6 17. d4 Rac8 18. Bb3 a5 19. Qe3 Nb4 20. Rac1 Bc6 21. Rc3 b5 22. Rec1 bxa4 23. Bxa4 Bb7 24. Bb5 Qe7 25. f3 Rxc3 1/2-1/2

[Event "Ernst Stoeckl Memorial 1st"]
[Site "Vienna"]
[Date "2002.02.10"]
[Round "9.1"]
[White "Mueller, Roland"]
[Black "Kuba, Guenter"]
[Result "1/2-1/2"]
[WhiteElo "1942"]
[BlackElo "2293"]
[PlyCount "83"]
[EventDate "2002.02.02"]
[EventType "swiss"]
[EventRounds "9"]
[EventCountry "AUT"]
[SourceTitle "EXT 2003"]
[Source "ChessBase"]
[SourceDate "2002.11.25"]
[SourceVersion "1"]
[SourceVersionDate "2002.11.25"]
[SourceQuality "1"]

1. e4 e5 2. Nf3 Nc6 3. Bb5 a6 4. Ba4 Nf6 5. 0-0 Be7 6. Re1 b5 7. Bb3 0-0 8. a4 Bb7 9. d3 d6 10. Nbd2 Re8 11. Nf1 Bf8 12. Bd2 h6 13. Ne3 b4 14. a5 Nd4 15. Nxd4 exd4 16. Nd5 c5 17. Nb6 Ra7 18. Qf3 Bc6 19. g4 Rae7 20. Qg2 g6 21. f4 Bg7 22. f5 Kh7 23. g5 hxg5 24. fxg6+ fxg6 25. Bxg5 Bd7 26. Nxd7 Qxd7 27. Ba4 Qe6 28. Bxe8 Rxe8 29. Bxf6 Bxf6 30. Rf1 Kg7 31. e5 Bxe5 32. Qb7+ Re7 33. Qxa6 Qg4+ 34. Kh1 Bxh2 35. Qa8 Bf4 36. Rxf4 Qxf4 37. Qg2 Re3 38. a6 Qh4+ 39. Kg1 Rg3 40. a7 Rxg2+ 41. Kxg2 Qg4+ 42. Kf2 1/2-1/2

[Event "Ernst Stoeckl Memorial 1st"]
[Site "Vienna"]
[Date "2002.02.09"]
[Round "8.1"]
[White "Mueller, Roland"]
[Black "Dueckstein, Andreas"]
[Result "0-1"]
[WhiteElo "1942"]
[BlackElo "2297"]
[PlyCount "92"]
[EventDate "2002.02.02"]
[EventType "swiss"]
[EventRounds "9"]
[EventCountry "AUT"]
[SourceTitle "EXT 2003"]
[Source "ChessBase"]
[SourceDate "2002.11.25"]
[SourceVersion "1"]
[SourceVersionDate "2002.11.25"]
[SourceQuality "1"]

1. e4 d5 2. exd5 Qxd5 3. Nc3 Qa5 4. Nf3 Nf6 5. Be2 Bf5 6. Nd4 Bg6 7. d3 c6 8. Bf3 e6 9. Qe2 Be7 10. Nb3 Qc7 11. g3 Nbd7 12. Ne4 a5 13. a4 0-0 14. 0-0 Nd5 15. c3 Rfe8 16. h4 h6 17. d4 e5 18. Re1 f5 19. Ned2 Bf6 20. Qf1 exd4 21. Nxd4 Rxe1 22. Qxe1 Re8 23. Ne2 f4 24. Nf1 fxg3 25. Nfxg3 Bxh4 26. Bxd5+ cxd5 27. Bf4 Qb6 28. Qd2 Nf6 29. Rd1 Qe6 30. Bxh6 Bxg3 31. Nxg3 gxh6 32. Qxh6 Qf7 33. Rd4 Qg7 34. Qf4 Re1+ 35. Kg2 Nh5 36. Qb8+ Re8 37. Qd6 Nxg3 38. Qxg3 Be4+ 39. f3 Qxg3+ 40. Kxg3 Bc2 41. Rxd5 Bxa4 42. Rxa5 Bc6 43. f4 Re2 44. b4 Re3+ 45. Kg4 Rxc3 46. b5 Bd7+ 0-1

[Event "Ernst Stoeckl Memorial 1st"]
[Site "Vienna"]
[Date "2002.02.08"]
[Round "7.1"]
[White "Kleiser, Gregor"]
[Black "Mueller, Roland"]
[Result "0-1"]
[WhiteElo "2177"]
[BlackElo "1942"]
[PlyCount "82"]
[EventDate "2002.02.02"]
[EventType "swiss"]
[EventRounds "9"]
[EventCountry "AUT"]
[SourceTitle "EXT 2003"]
[Source "ChessBase"]
[SourceDate "2002.11.25"]
[SourceVersion "1"]
[SourceVersionDate "2002.11.25"]
[SourceQuality "1"]

1. d4 Nf6 2. c4 g6 3. Nc3 Bg7 4. e4 d6 5. Nge2 e5 6. d5 a5 7. Ng3 0-0 8. Be2 Na6 9. h4 c6 10. h5 cxd5 11. exd5 Bd7 12. hxg6 fxg6 13. Be3 Qc8 14. f3 Nc5 15. b3 e4 16. fxe4 Ng4 17. Bd4 Ne5 18. Qd2 Ned3+ 19. Bxd3 Bxd4 20. 0-0-0 Be5 21. Nge2 b5 22. Qh6 Rf7 23. Bc2 bxc4 24. bxc4 Qa6 25. Rdf1 Raf8 26. Rxf7 Rxf7 27. Qh4 Qxc4 28. Qd8+ Kg7 29. Qxa5 Bg4 30. Kd2 Bxe2 31. Nxe2 Nxe4+ 32. Bxe4 Qxe4 33. Qb5 Rc7 34. a4 Bf4+ 35. Kd1 Qc2+ 36. Ke1 Qd2+ 37. Kf2 Qe3+ 38. Kf1 Rf7 39. Ke1 Qd2+ 40. Kf2 Be5+ 41. Kg1 Qe1# 0-1

[Event "Ernst Stoeckl Memorial 1st"]
[Site "Vienna"]
[Date "2002.02.07"]
[Round "6.1"]
[White "Mueller, Roland"]
[Black "Roth, Peter"]
[Result "0-1"]
[WhiteElo "1942"]
[BlackElo "2266"]
[PlyCount "38"]
[EventDate "2002.02.02"]
[EventType "swiss"]
[EventRounds "9"]
[EventCountry "AUT"]
[SourceTitle "EXT 2003"]
[Source "ChessBase"]
[SourceDate "2002.11.25"]
[SourceVersion "1"]
[SourceVersionDate "2002.11.25"]
[SourceQuality "1"]

1. e4 e6 2. d4 d5 3. e5 c5 4. c3 Nc6 5. Nf3 Qb6 6. a3 c4 7. Nbd2 Na5 8. Be2 Bd7 9. 0-0 Ne7 10. Rb1 Nf5 11. Qc2 Be7 12. Bd1 Rc8 13. b4 cxb3 14. Nxb3 Nxb3 15. Rxb3 Qc7 16. Rb1 Qxc3 17. Qxc3 Rxc3 18. Rxb7 Rxc1 19. Rxd7 Kxd7 0-1

[Event "Ernst Stoeckl Memorial 1st"]
[Site "Vienna"]
[Date "2002.02.06"]
[Round "5.1"]
[White "Mueller, Roland"]
[Black "Horvath, Maria"]
[Result "1-0"]
[WhiteElo "1942"]
[BlackElo "1986"]
[PlyCount "81"]
[EventDate "2002.02.02"]
[EventType "swiss"]
[EventRounds "9"]
[EventCountry "AUT"]
[SourceTitle "EXT 2003"]
[Source "ChessBase"]
[SourceDate "2002.11.25"]
[SourceVersion "1"]
[SourceVersionDate "2002.11.25"]
[SourceQuality "1"]

1. e4 e6 2. d4 d5 3. Nc3 Nf6 4. e5 Nfd7 5. f4 c5 6. Nf3 Nc6 7. Be3 a6 8. Qd2 b5 9. Nd1 cxd4 10. Nxd4 Nxd4 11. Bxd4 Bc5 12. c3 Bb7 13. Ne3 Rc8 14. Bd3 Qb6 15. Bc2 b4 16. 0-0 a5 17. Rf3 g6 18. Re1 Nb8 19. f5 Bxd4 20. cxd4 gxf5 21. Bxf5 Rc4 22. Nxc4 dxc4 23. Be4 Bxe4 24. Rxe4 Nc6 25. Qf2 Rf8 26. Rh4 h5 27. Rhf4 Qc7 28. h3 Qd7 29. g4 hxg4 30. hxg4 Nd8 31. g5 Rg8 32. Rg3 Qa4 33. b3 cxb3 34. axb3 Qa1+ 35. Kg2 a4 36. g6 fxg6 37. Qe2 Nc6 38. Qa6 Qc1 39. Qc8+ Ke7 40. Qc7+ Ke8 41. Qf7+ 1-0